| 000 | 00539nam a2200181Ia 4500 | ||
|---|---|---|---|
| 003 | GCL | ||
| 008 | 140319s9999 xx 000 0 eng d | ||
| 040 |
_aGCL / _cGCL |
||
| 082 | 0 | 4 |
_a335.00944 _bL S |
| 100 | 1 | _aLEROUX, PIERRE | |
| 245 | 1 | 0 |
_aA LA SOURCE PERDUE DU SOCIALISME FRANCAIS: ANTHOLOGIE ET ABLIET ET PRESENTEE PAR BRUNO VIARD / _cLEROUX, PIERRE |
| 260 |
_a[S.N] : _bDESCLEE DE BROUWER ، _c1997 |
||
| 300 | _a589 P | ||
| 650 | 0 | 4 | _aSOCIALISM - SOCIETY |
| 650 | 0 | 4 | _aECONOMIC |
| 650 | 0 | 4 | _aSOCIALISM - FRANCE |
| 942 |
_2ddc _cBK |
||
| 999 |
_c16350 _d16350 |
||